[Event "1516LLO"]
[Site "Mecklenburg-Vorpommern"]
[Date "2016.04.10"]
[Round "8.5"]
[White "Sommer, Hans Hermann"]
[Black "Grehl, Tino"]
[Result "0-1"]
[WhiteElo "1666"]
[BlackElo "1822"]
[PlyCount "64"]
[EventType "team-tourn"]
[EventRounds "9"]
[EventCountry "GER"]
[SourceDate "2015.09.20"]
[WhiteTeam "SG Neubrandenburg II"]
[BlackTeam "Greifswalder SV II "]
[WhiteTeamCountry "GER"]
[BlackTeamCountry "GER"]

1. e4 c5 2. d4 cxd4 3. c3 dxc3 4. Nxc3 Nc6 5. Nf3 d6 6. Bc4 e6 7. O-O a6 8. Qe2
Be7 9. Rd1 Qc7 10. Bf4 Ne5 11. Bxe5 dxe5 12. Rac1 Qb8 13. a4 Nf6 14. Rc2 O-O
15. Rcd2 b6 16. h3 Qc7 17. g4 Bc5 18. Ba2 Kh8 19. Ne1 Bd4 20. Rc2 Qb7 21. g5
Ng8 22. Kg2 f5 23. gxf6 Rxf6 24. Nf3 Bd7 25. Nxd4 exd4 26. Rxd4 Raf8 27. Nd1
Rg6+ 28. Kf1 e5 29. Bd5 Bxh3+ 30. Ke1 Qe7 31. Rdc4 Rg1+ 32. Kd2 Bg4 0-1

[Event "1516LLO"]
[Site "Mecklenburg-Vorpommern"]
[Date "2016.04.10"]
[Round "8.7"]
[White "Lange, Ingo"]
[Black "Mueller, Nick"]
[Result "0-1"]
[WhiteElo "1720"]
[BlackElo "2210"]
[PlyCount "53"]
[EventType "team-tourn"]
[EventRounds "9"]
[EventCountry "GER"]
[SourceDate "2015.09.20"]
[WhiteTeam "SG Neubrandenburg II"]
[BlackTeam "Greifswalder SV II "]
[WhiteTeamCountry "GER"]
[BlackTeamCountry "GER"]

1. d4 Nf6 2. Nf3 g6 3. c4 Bg7 4. Nc3 d5 5. Qb3 dxc4 6. Qxc4 O-O 7. e4 Nc6 8. d5
Na5 9. Qa4 c6 10. dxc6 Nxc6 11. Bf4 Bg4 12. Rd1 Qb6 13. Qb3 Qxb3 14. axb3 Nd7
15. Bb5 Nc5 16. O-O Nxb3 17. Nd5 Bxf3 18. gxf3 Nbd4 19. Bxc6 Nxc6 20. Rd2 e6
21. Nc7 Rad8 22. Bd6 Rd7 23. Rfd1 Rfd8 24. Nb5 a6 25. Na3 Nd4 26. Rxd4 Bxd4 27.
Nc4 0-1

[Event "1516LLO"]
[Site "Mecklenburg-Vorpommern"]
[Date "2016.04.10"]
[Round "8.1"]
[White "Maertin, Heinz"]
[Black "Voelschow, Siegfried"]
[Result "1/2-1/2"]
[WhiteElo "1732"]
[BlackElo "1948"]
[PlyCount "29"]
[EventType "team-tourn"]
[EventRounds "9"]
[EventCountry "GER"]
[SourceDate "2015.09.20"]
[WhiteTeam "SSC Rostock 07 III"]
[BlackTeam "SV Waterkant Saal"]
[WhiteTeamCountry "GER"]
[BlackTeamCountry "GER"]

1. e4 d5 2. exd5 Qxd5 3. Nc3 Qa5 4. d4 c6 5. Bc4 Nf6 6. h3 Bf5 7. Nf3 e6 8. O-O
Bd6 9. Qe2 Nbd7 10. Bg5 h6 11. Bxf6 Nxf6 12. a3 Qc7 13. Bd3 Bxd3 14. Qxd3 O-O
15. Ne4 1/2-1/2

[Event "1516LLO"]
[Site "Mecklenburg-Vorpommern"]
[Date "2016.04.10"]
[Round "8.2"]
[White "Schwarz, Eckhard"]
[Black "Moritz, Hartmut"]
[Result "1-0"]
[WhiteElo "1861"]
[BlackElo "1852"]
[PlyCount "71"]
[EventType "team-tourn"]
[EventRounds "9"]
[EventCountry "GER"]
[SourceDate "2015.09.20"]
[WhiteTeam "SV Waterkant Saal"]
[BlackTeam "SSC Rostock 07 III"]
[WhiteTeamCountry "GER"]
[BlackTeamCountry "GER"]

1. Nf3 d5 2. d4 Nf6 3. Bg5 h6 4. Bxf6 exf6 5. e3 Be6 6. Bd3 Bd6 7. O-O Nd7 8.
e4 dxe4 9. Bxe4 O-O 10. h3 c6 11. Nh4 Re8 12. Nd2 Bf4 13. Re1 f5 14. Nxf5 Qg5
15. Nf3 Qf6 16. Ng3 g6 17. c3 Rad8 18. Qc2 Nb6 19. Rad1 Nc4 20. Bd3 Bxg3 21.
fxg3 Bd5 22. Bxc4 Bxc4 23. Rxe8+ Rxe8 24. Ne5 Be6 25. b3 Qg5 26. Kh2 Bf5 27.
Qd2 Qxd2 28. Rxd2 f6 29. Nf3 Re3 30. c4 Be4 31. Kg1 Rc3 32. Kf2 Kf7 33. Ng1 Ke6
34. d5+ cxd5 35. Ne2 Rc2 36. Nd4+ 1-0

[Event "1516LLO"]
[Site "Mecklenburg-Vorpommern"]
[Date "2016.04.10"]
[Round "8.3"]
[White "Menkhaus, Wolf Dieter"]
[Black "Wiese, Frank"]
[Result "1/2-1/2"]
[WhiteElo "1828"]
[BlackElo "1887"]
[PlyCount "21"]
[EventType "team-tourn"]
[EventRounds "9"]
[EventCountry "GER"]
[SourceDate "2015.09.20"]
[WhiteTeam "SSC Rostock 07 III"]
[BlackTeam "SV Waterkant Saal"]
[WhiteTeamCountry "GER"]
[BlackTeamCountry "GER"]

1. d4 d5 2. c4 c6 3. Nf3 Nf6 4. Bg5 Ne4 5. Nc3 Nxg5 6. Nxg5 e5 7. Nf3 e4 8. Nd2
e3 9. fxe3 Bd6 10. Nf3 dxc4 11. Qd2 1/2-1/2

[Event "1516LLO"]
[Site "Mecklenburg-Vorpommern"]
[Date "2016.04.10"]
[Round "8.4"]
[White "Onasch, Gunnar"]
[Black "Hochgraefe, Hans Juergen"]
[Result "1/2-1/2"]
[WhiteElo "1782"]
[BlackElo "1751"]
[PlyCount "75"]
[EventType "team-tourn"]
[EventRounds "9"]
[EventCountry "GER"]
[SourceDate "2015.09.20"]
[WhiteTeam "SV Waterkant Saal"]
[BlackTeam "SSC Rostock 07 III"]
[WhiteTeamCountry "GER"]
[BlackTeamCountry "GER"]

1. Nf3 Nf6 2. b3 e6 3. Bb2 b6 4. c4 Bb7 5. e3 d5 6. Be2 Bd6 7. O-O O-O 8. Ne5
Nbd7 9. f4 c5 10. d3 Qc7 11. d4 Ne4 12. Nc3 Nxc3 13. Bxc3 Nf6 14. Bd3 Ne4 15.
Bxe4 dxe4 16. Qg4 f5 17. Qh5 Rf6 18. Rad1 Bxe5 19. fxe5 Rh6 20. Qg5 Rg6 21. Qh5
cxd4 22. Rxd4 Qf7 23. Qh4 h6 24. Qf2 Bc6 25. Rfd1 Kh7 26. Rd6 Rc8 27. Rd8 Rxd8
28. Rxd8 Rg4 29. h3 Rg5 30. Kh2 h5 31. Rd6 Bb7 32. Qf4 Qg6 33. g3 h4 34. Qxh4+
Rh5 35. Qf4 Rh6 36. h4 Qh5 37. Rd2 g5 38. Qf2 1/2-1/2

[Event "1516LLO"]
[Site "Mecklenburg-Vorpommern"]
[Date "2016.04.10"]
[Round "8.5"]
[White "Bardosch, Karl"]
[Black "Richter, Frank"]
[Result "0-1"]
[WhiteElo "1712"]
[BlackElo "1711"]
[PlyCount "62"]
[EventType "team-tourn"]
[EventRounds "9"]
[EventCountry "GER"]
[SourceDate "2015.09.20"]
[WhiteTeam "SSC Rostock 07 III"]
[BlackTeam "SV Waterkant Saal"]
[WhiteTeamCountry "GER"]
[BlackTeamCountry "GER"]

1. e4 c6 2. d4 d5 3. exd5 cxd5 4. Bd3 Nc6 5. Nf3 Bg4 6. c3 e6 7. Bf4 Bd6 8. Bg3
Nf6 9. Nbd2 O-O 10. O-O a6 11. a4 Rc8 12. Qe1 Ne7 13. Ne5 Bf5 14. Bxf5 Nxf5 15.
Qe2 Qc7 16. Nd3 Qd7 17. Bxd6 Qxd6 18. g4 Ne7 19. h4 Nd7 20. Kg2 Nc6 21. Rfe1
Rce8 22. Ne5 f6 23. Nxd7 Qxd7 24. Nb3 e5 25. Qf3 f5 26. Nc5 Qf7 27. gxf5 e4 28.
Qf4 Qh5 29. Qg3 Rxf5 30. Nxb7 Re6 31. Kf1 Rg6 {ZÜ} 0-1

[Event "1516LLO"]
[Site "Mecklenburg-Vorpommern"]
[Date "2016.04.10"]
[Round "8.6"]
[White "Ehmann, Roland"]
[Black "Fiss, Daniel"]
[Result "0-1"]
[WhiteElo "1554"]
[BlackElo "1681"]
[PlyCount "82"]
[EventType "team-tourn"]
[EventRounds "9"]
[EventCountry "GER"]
[SourceDate "2015.09.20"]
[WhiteTeam "SV Waterkant Saal"]
[BlackTeam "SSC Rostock 07 III"]
[WhiteTeamCountry "GER"]
[BlackTeamCountry "GER"]

1. d4 Nf6 2. Nf3 g6 3. g3 Bg7 4. Bg2 d6 5. O-O O-O 6. c3 Nbd7 7. Nbd2 c6 8. e4
e5 9. dxe5 Nxe5 10. Nxe5 dxe5 11. Nf3 Qc7 12. Qc2 Nh5 13. Be3 f5 14. Qb3+ Kh8
15. Ng5 Qe7 16. Qc4 f4 17. Bc5 Qxg5 18. Bxf8 Bxf8 19. Rad1 Qf6 20. Qe2 Bc5 21.
b4 Bb6 22. c4 Bd4 23. g4 Qg5 24. Bf3 Nf6 25. Kh1 Bxg4 26. Rg1 Bxf3+ 27. Qxf3
Qh5 28. Qxh5 Nxh5 29. Rgf1 f3 30. Kg1 Nf4 31. Rd2 Rf8 32. b5 Nh3+ 33. Kh1 Rf4
34. a4 Rxe4 35. c5 cxb5 36. axb5 Bxc5 37. Rd8+ Kg7 38. Rd7+ Kh6 39. Rxb7 Nxf2+
40. Kg1 Ng4+ 41. Kh1 Re2 0-1

[Event "1516LLO"]
[Site "Mecklenburg-Vorpommern"]
[Date "2016.04.10"]
[Round "8.7"]
[White "Raitza, Egon"]
[Black "Nickel, Udo"]
[Result "1/2-1/2"]
[WhiteElo "1688"]
[BlackElo "1662"]
[PlyCount "60"]
[EventType "team-tourn"]
[EventRounds "9"]
[EventCountry "GER"]
[SourceDate "2015.09.20"]
[WhiteTeam "SSC Rostock 07 III"]
[BlackTeam "SV Waterkant Saal"]
[WhiteTeamCountry "GER"]
[BlackTeamCountry "GER"]

1. d4 d5 2. Nf3 Nf6 3. e3 e6 4. Bd3 c5 5. c3 Bd6 6. Nbd2 Nc6 7. O-O O-O 8. dxc5
Bxc5 9. e4 dxe4 10. Nxe4 Nxe4 11. Bxe4 Qxd1 12. Rxd1 Ne7 13. b4 Bb6 14. c4 Bc7
15. Be3 Ng6 16. Rd2 Bf4 17. Bxf4 Nxf4 18. Ne5 Ng6 19. Nd7 Re8 20. Nc5 Rb8 21.
Nd7 Ra8 22. Rad1 f5 23. Bf3 Kf7 24. c5 Re7 25. c6 Bxd7 26. Rxd7 bxc6 27. Bxc6
Rc8 28. b5 Ne5 29. R7d6 Nc4 30. R6d4 Ne5 1/2-1/2

[Event "1516LLO"]
[Site "Mecklenburg-Vorpommern"]
[Date "2016.04.10"]
[Round "8.2"]
[White "Zibell, Walter"]
[Black "Van Bentum, Horst"]
[Result "0-1"]
[WhiteElo "1760"]
[BlackElo "1925"]
[PlyCount "88"]
[EventType "team-tourn"]
[EventRounds "9"]
[EventCountry "GER"]
[SourceDate "2015.09.20"]
[WhiteTeam "SG Neubrandenburg III"]
[BlackTeam "SSC Graal-Mueritz"]
[WhiteTeamCountry "GER"]
[BlackTeamCountry "GER"]

1. d4 Nf6 2. c4 e5 3. d5 Bb4+ 4. Bd2 a5 5. Nc3 d6 6. Qc2 O-O 7. h3 Nbd7 8. Nf3
Nc5 9. e3 Bxc3 10. Bxc3 Nfe4 11. b3 Bf5 12. Qb2 Nxc3 13. Qxc3 Bg6 14. Be2 f5
15. O-O-O f4 16. exf4 Rxf4 17. g3 Rf8 18. Qe3 Qf6 19. Rh2 Qf5 20. Kd2 Qc2+ 21.
Ke1 Qxa2 22. Nd2 Qc2 23. h4 Qb2 24. h5 Bc2 25. h6 g6 26. Rh5 Bxd1 27. Bxd1 Qd4
28. Qxd4 exd4 29. Rh2 Rae8+ 30. Kf1 Ne4 31. Nf3 Nc3 32. Nxd4 Nxd1 33. Ne6 Rxe6
34. dxe6 Ne3+ 35. Ke2 Nf5 36. Kd3 Rf6 37. b4 axb4 38. f4 Rxe6 39. g4 Ne7 40.
Ra2 Rf6 41. Ke4 Rf8 42. Ra7 Rb8 43. c5 dxc5 44. Ke5 Nc6+ 0-1

[Event "1516LLO"]
[Site "Mecklenburg-Vorpommern"]
[Date "2016.04.10"]
[Round "8.3"]
[White "Schulz, Wolf Detlef"]
[Black "Stock, Joachim"]
[Result "1/2-1/2"]
[WhiteElo "1732"]
[BlackElo "1606"]
[PlyCount "126"]
[EventType "team-tourn"]
[EventRounds "9"]
[EventCountry "GER"]
[SourceDate "2015.09.20"]
[WhiteTeam "SSC Graal-Mueritz"]
[BlackTeam "SG Neubrandenburg III"]
[WhiteTeamCountry "GER"]
[BlackTeamCountry "GER"]

1. e4 e5 2. Bc4 Nf6 3. d4 d6 4. dxe5 dxe5 5. Bxf7+ Kxf7 6. Qxd8 Bb4+ 7. Qd2
Bxd2+ 8. Nxd2 Be6 9. Ngf3 Nc6 10. Ng5+ Ke7 11. b3 Nd4 12. Ba3+ Kd7 13. O-O-O h6
14. Ndf3 hxg5 15. Nxe5+ Ke8 16. Rxd4 Rd8 17. Rxd8+ Kxd8 18. f3 Ke8 19. g4 Rh3
20. Kd2 Nd7 21. Nxd7 Bxd7 22. Ke2 Kf7 23. Kf2 Rh6 24. Bb2 Ra6 25. a3 Rc6 26. c3
Rd6 27. Ke3 b5 28. h4 Be6 29. b4 Bc4 30. hxg5 Kg6 31. Rh2 Rd3+ 32. Kf4 Rd1 33.
Rf2 a6 34. Rh2 c6 35. Rf2 Rd3 36. Ke5 Kf7 37. Kf4 Rd1 38. Kg3 Kg6 39. f4 Rg1+
40. Kh4 Rh1+ 41. Kg3 Rg1+ 42. Kf3 Rd1 43. Kg3 Rg1+ 44. Kf3 Rd1 45. Kg2 Rd3 46.
f5+ Kxg5 47. Bc1+ Kxg4 48. Rf4+ Kh5 49. f6 gxf6 50. Rxf6 Rxc3 51. Bb2 Rc2+ 52.
Rf2 Rxf2+ 53. Kxf2 Kg6 54. Ke3 Kf7 55. Kd4 Ke6 56. e5 Bb3 57. Kc5 Kd7 58. Kb6
Bd5 59. Kxa6 Bb3 60. Kb6 Be6 61. Bd4 Bd5 62. Bc5 Be6 63. a4 bxa4 1/2-1/2

[Event "1516LLO"]
[Site "Mecklenburg-Vorpommern"]
[Date "2016.04.10"]
[Round "8.4"]
[White "Peters, Hans Joachim"]
[Black "Micheel, Peter"]
[Result "1/2-1/2"]
[WhiteElo "1748"]
[BlackElo "1759"]
[PlyCount "76"]
[EventType "team-tourn"]
[EventRounds "9"]
[EventCountry "GER"]
[SourceDate "2015.09.20"]
[WhiteTeam "SG Neubrandenburg III"]
[BlackTeam "SSC Graal-Mueritz"]
[WhiteTeamCountry "GER"]
[BlackTeamCountry "GER"]

1. e4 e6 2. d4 d5 3. Nc3 Nf6 4. Bg5 Be7 5. e5 Nfd7 6. Bxe7 Qxe7 7. Bd3 c5 8.
Nb5 O-O 9. c3 Nc6 10. Ne2 a6 11. Nd6 f6 12. f4 fxe5 13. dxe5 Nd8 14. O-O Nf7
15. Nxf7 Rxf7 16. Qe1 Nf8 17. Qg3 Bd7 18. a3 Bb5 19. a4 Bxd3 20. Qxd3 Re8 21.
Rad1 Ng6 22. g3 Qc7 23. Rc1 Qb6 24. Rb1 Qb3 25. Qd1 Qxd1 26. Rbxd1 Ne7 27. Kg2
Nf5 28. Rf3 Rd7 29. Kf2 g6 30. Rfd3 Ne7 31. g4 Nc6 32. Ng3 Rf7 33. Ke3 Ref8 34.
Ne2 Na5 35. Kd2 Nb3+ 36. Kc2 c4 37. Rg3 Kh8 38. h4 h6 1/2-1/2

[Event "1516LLO"]
[Site "Mecklenburg-Vorpommern"]
[Date "2016.04.10"]
[Round "8.5"]
[White "Poppe, Thomas"]
[Black "Hollender, Dirk"]
[Result "1-0"]
[WhiteElo "1670"]
[BlackElo "1679"]
[PlyCount "73"]
[EventType "team-tourn"]
[EventRounds "9"]
[EventCountry "GER"]
[SourceDate "2015.09.20"]
[WhiteTeam "SSC Graal-Mueritz"]
[BlackTeam "SG Neubrandenburg III"]
[WhiteTeamCountry "GER"]
[BlackTeamCountry "GER"]

1. d4 d5 2. c4 e6 3. Nc3 c6 4. e4 dxe4 5. Nxe4 Nf6 6. Nxf6+ Qxf6 7. Nf3 Nd7 8.
Be2 h6 9. O-O b6 10. Bd2 c5 11. Bc3 cxd4 12. Bxd4 e5 13. Nxe5 Nxe5 14. Bxe5
Qxe5 15. Bf3 Be6 16. Bxa8 Bd6 17. Bc6+ Ke7 18. g3 Rd8 19. Re1 Qxb2 20. Qe2 Qf6
21. Rad1 Kf8 22. Rd3 Kg8 23. Bd5 Bb4 24. Red1 Bxd5 25. Rxd5 Rxd5 26. Qe8+ Kh7
27. cxd5 Bc5 28. Qe2 g6 29. Kg2 h5 30. Qd2 Bd6 31. Qd4 Be5 32. Qa4 a5 33. Qc6
h4 34. Qxf6 Bxf6 35. d6 Kg7 36. d7 Bd8 37. Re1 1-0

[Event "1516LLO"]
[Site "Mecklenburg-Vorpommern"]
[Date "2016.04.10"]
[Round "8.6"]
[White "Mietz, Wolfgang"]
[Black "Schumann, Lutz"]
[Result "1/2-1/2"]
[WhiteElo "1616"]
[BlackElo "1661"]
[PlyCount "71"]
[EventType "team-tourn"]
[EventRounds "9"]
[EventCountry "GER"]
[SourceDate "2015.09.20"]
[WhiteTeam "SG Neubrandenburg III"]
[BlackTeam "SSC Graal-Mueritz"]
[WhiteTeamCountry "GER"]
[BlackTeamCountry "GER"]

1. d4 Nf6 2. c4 g6 3. Nc3 Bg7 4. e4 d6 5. Be2 O-O 6. Nf3 c6 7. O-O Na6 8. Bg5
h6 9. Bf4 Nc7 10. h3 Ne6 11. Be3 a6 12. a4 Bd7 13. Qd2 Kh7 14. Rfd1 Qc7 15. e5
Ne8 16. Ne4 f5 17. exf6 Nxf6 18. Nc3 c5 19. d5 Nd8 20. Nh4 Nf7 21. Qc2 Nh8 22.
Bd3 Be8 23. Re1 Bf7 24. Re2 Rae8 25. Rae1 Nd7 26. Bf4 Ne5 27. Bxe5 Bxe5 28. g3
Qd7 29. Kg2 Kg7 30. Ne4 e6 31. Nxc5 dxc5 32. Rxe5 exd5 33. Rxe8 Rxe8 34. Rxe8
Qxe8 35. cxd5 Bxd5+ 36. f3 1/2-1/2

[Event "1516LLO"]
[Site "Mecklenburg-Vorpommern"]
[Date "2016.04.10"]
[Round "8.7"]
[White "Hausmann, Ulrich"]
[Black "Gloeckner, Jan"]
[Result "1-0"]
[WhiteElo "1653"]
[BlackElo "1523"]
[PlyCount "49"]
[EventType "team-tourn"]
[EventRounds "9"]
[EventCountry "GER"]
[SourceDate "2015.09.20"]
[WhiteTeam "SSC Graal-Mueritz"]
[BlackTeam "SG Neubrandenburg III"]
[WhiteTeamCountry "GER"]
[BlackTeamCountry "GER"]

1. f4 d5 2. Nf3 Bg4 3. e3 Nc6 4. d4 Nf6 5. Be2 Qd7 6. O-O h5 7. Nbd2 e6 8. Ne5
Nxe5 9. fxe5 Ne4 10. Bxg4 hxg4 11. Nxe4 dxe4 12. Qxg4 Qc6 13. c3 O-O-O 14. Rxf7
g5 15. Bd2 Kb8 16. Raf1 Qb6 17. Bc1 c5 18. Qxe4 cxd4 19. exd4 Bh6 20. R1f6 Rde8
21. Rd7 Ref8 22. Rd6 Qc7 23. Rdxe6 Rxf6 24. exf6 Qd8 25. f7 1-0

[Event "1516LLO"]
[Site "Mecklenburg-Vorpommern"]
[Date "2016.04.10"]
[Round "8.8"]
[White "Zabka, Helge"]
[Black "Lechnauer, Uwe"]
[Result "0-1"]
[WhiteElo "1654"]
[BlackElo "1744"]
[PlyCount "120"]
[EventType "team-tourn"]
[EventRounds "9"]
[EventCountry "GER"]
[SourceDate "2015.09.20"]
[WhiteTeam "SG Neubrandenburg III"]
[BlackTeam "SSC Graal-Mueritz"]
[WhiteTeamCountry "GER"]
[BlackTeamCountry "GER"]

1. Nf3 d5 2. g3 Nf6 3. Bg2 Nc6 4. d4 Ne4 5. Ng5 Bf5 6. O-O e6 7. Nxe4 dxe4 8.
c3 Bg6 9. Nd2 f5 10. a4 h5 11. h4 Be7 12. Qb3 Qc8 13. Nc4 Bd6 14. Bg5 Bf7 15.
Qc2 e5 16. Nxd6+ cxd6 17. dxe5 Nxe5 18. Rad1 d5 19. Qd2 Qe6 20. Qd4 O-O 21. Rd2
Nc4 22. Rc2 Qe5 23. Qxe5 Nxe5 24. Rd1 Rac8 25. Be3 Nc6 26. Bh3 g6 27. Rcd2 b6
28. Bg5 Na5 29. Rb1 Nb3 30. Rdd1 Rc4 31. e3 Rxa4 32. Bf1 Ra2 33. Bb5 Rc8 34.
Bf4 Nc5 35. Rd4 a6 36. Be2 Ne6 37. Rd2 Nxf4 38. gxf4 Rc5 39. Bd1 Rxc3 40. Rd4
Rc4 41. Rd2 Rb4 42. Rc2 a5 43. Rc8+ Kg7 44. b3 d4 45. exd4 Rxd4 46. Rc2 Rxc2
47. Bxc2 Rd2 48. Bd1 Be8 49. Kf1 Rd3 50. Kg2 Bc6 51. Be2 Rc3 52. Bd1 e3+ 53. f3
Bb5 54. Rb2 Rd3 55. Be2 Rd5 56. Bxb5 Rxb5 57. Kf1 a4 58. b4 Rd5 59. b5 Rd2 60.
Rb4 a3 0-1

[Event "1516LLO"]
[Site "Mecklenburg-Vorpommern"]
[Date "2016.04.10"]
[Round "8.1"]
[White "Windjaeger, Gerd"]
[Black "Burwitz, Joerg"]
[Result "1/2-1/2"]
[WhiteElo "1939"]
[BlackElo "1743"]
[PlyCount "72"]
[EventType "team-tourn"]
[EventRounds "9"]
[EventCountry "GER"]
[SourceDate "2015.09.20"]
[WhiteTeam "SV Gryps"]
[BlackTeam "SV Rugia Bergen"]
[WhiteTeamCountry "GER"]
[BlackTeamCountry "GER"]

1. d4 d5 2. Nf3 Nf6 3. c4 c6 4. Nc3 g6 5. Bf4 dxc4 6. a4 Bg7 7. e4 O-O 8. Bxc4
Bg4 9. Qd2 Bxf3 10. gxf3 Nh5 11. Be3 Nd7 12. e5 e6 13. Ne4 c5 14. f4 cxd4 15.
Qxd4 Nb6 16. Qxd8 Rfxd8 17. Be2 Rac8 18. b3 Nd5 19. Bxh5 gxh5 20. Ke2 Rc2+ 21.
Kf3 b6 22. Rac1 Rdc8 23. Nd6 R8c7 24. Nb5 Rxc1 25. Rxc1 Rxc1 26. Bxc1 a6 27.
Nd6 Bf8 28. Ne4 Be7 29. Ng3 h4 30. Ne4 Kg7 31. Kg4 Kg6 32. Bd2 h5+ 33. Kf3 Kf5
34. Bc1 b5 35. axb5 axb5 36. Be3 b4 1/2-1/2

[Event "1516LLO"]
[Site "Mecklenburg-Vorpommern"]
[Date "2016.04.10"]
[Round "8.2"]
[White "Pawlick, Helmut"]
[Black "Mauser, Tassilo Tino"]
[Result "1-0"]
[WhiteElo "1798"]
[BlackElo "1807"]
[PlyCount "57"]
[EventType "team-tourn"]
[EventRounds "9"]
[EventCountry "GER"]
[SourceDate "2015.09.20"]
[WhiteTeam "SV Rugia Bergen"]
[BlackTeam "SV Gryps"]
[WhiteTeamCountry "GER"]
[BlackTeamCountry "GER"]

1. e4 c5 2. d4 cxd4 3. c3 dxc3 4. Nxc3 e6 5. Bc4 Nc6 6. Nf3 Qc7 7. O-O Nf6 8.
Qe2 Ng4 9. Nb5 Qb8 10. h3 h5 11. Be3 a6 12. Nbd4 Nge5 13. Bb3 Bd6 14. Nxe5 Bxe5
15. Nxc6 bxc6 16. f4 Bc7 17. Qf2 Qb5 18. Rac1 Rb8 19. Kh1 Bb6 20. e5 Bxe3 21.
Qxe3 Qb6 22. Qg3 g6 23. Rfd1 Bb7 24. Rd6 h4 25. Qd3 Rd8 26. Rd1 O-O 27. Bxe6
fxe6 28. Qxg6+ Kh8 29. Rxd7 1-0

[Event "1516LLO"]
[Site "Mecklenburg-Vorpommern"]
[Date "2016.04.10"]
[Round "8.3"]
[White "Sadewasser, Lucie"]
[Black "Wichert, Till"]
[Result "0-1"]
[WhiteElo "1552"]
[BlackElo "1598"]
[PlyCount "148"]
[EventType "team-tourn"]
[EventRounds "9"]
[EventCountry "GER"]
[SourceDate "2015.09.20"]
[WhiteTeam "SV Gryps"]
[BlackTeam "SV Rugia Bergen"]
[WhiteTeamCountry "GER"]
[BlackTeamCountry "GER"]

1. e4 e6 2. f4 d5 3. Nc3 Nf6 4. e5 Nfd7 5. Nf3 c5 6. d3 Nc6 7. Qe2 Be7 8. g3
Nb6 9. Bh3 Bd7 10. a3 O-O 11. Bd2 a6 12. g4 Bh4+ 13. Kd1 Nd4 14. Qg2 Be7 15.
Nxd4 cxd4 16. Ne2 Na4 17. b3 Nc3+ 18. Nxc3 dxc3 19. Bxc3 d4 20. Qxb7 dxc3 21.
Bg2 Rb8 22. Qe4 Qb6 23. Rf1 Rfc8 24. Qe2 Bc6 25. Bxc6 Qxc6 26. Qf3 Qc5 27. Qf2
Qd5 28. Qf3 Qd4 29. Qf2 Bc5 30. Qxd4 Bxd4 31. Rb1 a5 32. a4 Rb4 33. Ke2 g5 34.
Rbe1 Rc5 35. fxg5 Bxe5 36. Rf3 Bxh2 37. Ref1 Rb7 38. Rh3 Be5 39. Rfh1 f5 40.
gxf6 Bxf6 41. Re3 e5 42. Re4 Bg5 43. Rf1 Bf4 44. d4 Rd5 45. Rf3 Rb4 46. Rxc3
Rdxd4 47. Rxd4 Rxd4 48. Rd3 Kf7 49. Rxd4 exd4 50. Kd3 Be5 51. Ke4 Ke6 52. g5
Bg7 53. Kf4 Kd5 54. Kf5 Kd6 55. Ke4 Kc6 56. Kd3 Kd5 57. Ke2 Ke4 58. b4 axb4 59.
a5 Be5 60. a6 Bb8 61. Kf2 d3 62. cxd3+ Kxd3 63. g6 hxg6 64. a7 Bxa7+ 65. Ke1 b3
66. Kf1 b2 67. Kg2 b1=Q 68. Kf3 Qf1+ 69. Kg4 Ke4 70. Kg5 Be3+ 71. Kxg6 Ke5 72.
Kh7 Qg2 73. Kh8 Kf6 74. Kh7 Qg7# 0-1

[Event "1516LLO"]
[Site "Mecklenburg-Vorpommern"]
[Date "2016.04.10"]
[Round "8.4"]
[White "Pawlowicz, Wolfgang"]
[Black "Springer, Guido"]
[Result "1-0"]
[WhiteElo "1689"]
[BlackElo "1743"]
[PlyCount "113"]
[EventType "team-tourn"]
[EventRounds "9"]
[EventCountry "GER"]
[SourceDate "2015.09.20"]
[WhiteTeam "SV Rugia Bergen"]
[BlackTeam "SV Gryps"]
[WhiteTeamCountry "GER"]
[BlackTeamCountry "GER"]

1. c4 b6 2. Nc3 Bb7 3. d4 e6 4. e4 Bb4 5. Bd3 f5 6. d5 fxe4 7. Bxe4 Qh4 8. Qe2
Nf6 9. Bf3 O-O 10. dxe6 Bxf3 11. Nxf3 Qg4 12. O-O Bxc3 13. bxc3 Ne4 14. Qd3
dxe6 15. Nd4 Nc5 16. Qe3 Nbd7 17. Ba3 Rf6 18. f3 Qg6 19. Nc6 Qd3 20. Bxc5 Nxc5
21. Qxd3 Nxd3 22. Rad1 Nc5 23. Rd2 a5 24. Rfd1 Rff8 25. Ne5 Rfe8 26. Nc6 Rac8
27. Kf2 Kf7 28. Ne5+ Ke7 29. Rd4 Kf6 30. Nc6 Nb7 31. Rf4+ Kg5 32. Rg4+ Kh6 33.
Rd7 Nc5 34. Rdxg7 Rf8 35. Rg3 Ne4+ 36. Ke3 Nxg3 37. Rxg3 Rce8 38. Ke4 Rf5 39.
Ne5 Rd8 40. Rh3+ Kg7 41. Rg3+ Kf6 42. Ng4+ Ke7 43. Ne5 Kd6 44. f4 c5 45. Rg7 h5
46. Nf7+ Rxf7 47. Rxf7 Rg8 48. Kf3 Rg6 49. Rh7 e5 50. fxe5+ Kxe5 51. Rxh5+ Kd6
52. g4 Rf6+ 53. Rf5 Rh6 54. Kg3 Re6 55. h4 Re3+ 56. Rf3 Re4 57. h5 1-0

[Event "1516LLO"]
[Site "Mecklenburg-Vorpommern"]
[Date "2016.04.10"]
[Round "8.5"]
[White "Hollatz, Michael"]
[Black "Rosenbusch, Robert Mario"]
[Result "1-0"]
[WhiteElo "1767"]
[BlackElo "1701"]
[PlyCount "70"]
[EventType "team-tourn"]
[EventRounds "9"]
[EventCountry "GER"]
[SourceDate "2015.09.20"]
[WhiteTeam "SV Gryps"]
[BlackTeam "SV Rugia Bergen"]
[WhiteTeamCountry "GER"]
[BlackTeamCountry "GER"]

1. e4 e6 2. d4 d5 3. e5 c5 4. c3 Nc6 5. Nf3 Bd7 6. Be3 cxd4 7. cxd4 Nge7 8. Bd3
Nb4 9. Nc3 Nxd3+ 10. Qxd3 Nf5 11. O-O Be7 12. Rac1 O-O 13. Rc2 Rc8 14. Rfc1 a6
15. a3 f6 16. h3 Qe8 17. Bf4 fxe5 18. Bxe5 Nh4 19. Nxh4 Bxh4 20. g3 Bf6 21. Re1
Bxe5 22. Rxe5 Qd8 23. Rce2 Qb6 24. Qe3 Rc4 25. Rd2 Qd8 26. Ne2 Rf6 27. Nf4 Rc1+
28. Kh2 Qc8 29. Re2 Kf7 30. g4 h6 31. Nxd5 Qc6 32. Nxf6 Qh1+ 33. Kg3 Rg1+ 34.
Kh4 g5+ 35. Kh5 Qc6 1-0

[Event "1516LLO"]
[Site "Mecklenburg-Vorpommern"]
[Date "2016.04.10"]
[Round "8.6"]
[White "Tabbert, Dirk"]
[Black "Droese, Nico"]
[Result "1-0"]
[WhiteElo "1602"]
[BlackElo "1291"]
[PlyCount "25"]
[EventType "team-tourn"]
[EventRounds "9"]
[EventCountry "GER"]
[SourceDate "2015.09.20"]
[WhiteTeam "SV Rugia Bergen"]
[BlackTeam "SV Gryps"]
[WhiteTeamCountry "GER"]
[BlackTeamCountry "GER"]

1. c4 Nf6 2. Nc3 e6 3. g3 c6 4. Bg2 d5 5. cxd5 exd5 6. d4 Bf5 7. Qb3 Qc7 8. Bf4
Bd6 9. Bxd6 Qb6 10. Qxb6 axb6 11. Nf3 Nbd7 12. O-O b5 13. a4 1-0